Introducción a la supervisión
Uloženo v:
| Hlavní autor: | |
|---|---|
| Médium: | Kniha |
| Jazyk: | španělština |
| Vydáno: |
Buenos Aires
Lumen
1994
|
| Edice: | Colección Política, Servicios y Trabajo Social
|
| Témata: | |
| Tagy: |
Přidat tag
Žádné tagy, Buďte první, kdo vytvoří štítek k tomuto záznamu!
|
MARC
| LEADER | 00000nam a2200000 a 4500 | ||
|---|---|---|---|
| 001 | UCM2680 | ||
| 003 | CL-VaPUC | ||
| 008 | 020613e19940000AG |||||||||||||||||spa|d | ||
| 082 | 0 | 4 | |a 361.3 |b AGU |2 21 |
| 100 | 0 | |a Aguilar Idáñez, María José |e author |9 469411 | |
| 245 | 1 | 0 | |a Introducción a la supervisión |
| 300 | |a 174 p | ||
| 942 | |c BK | ||
| 945 | |d 20020613 00:00:00 |a cmena | ||
| 260 | |a Buenos Aires |b Lumen |c 1994 | ||
| 650 | 0 | |a Trabajo social |9 307856 | |
| 650 | 7 | |a SUPERVISORES |2 CL-VaPUC |9 338460 | |
| 650 | 0 | |a Problemas sociales |9 258537 | |
| 650 | 7 | |a TECNICAS DE EVALUACION |2 CL-VaPUC |9 469412 | |
| 583 | |a last modification |c 20020613 00:00:00 |k Rodrigo Vera | ||
| 490 | 0 | |a Colección Política, Servicios y Trabajo Social | |
| 999 | |c 300407 |d 300405 | ||
| 952 | |0 0 |1 0 |4 0 |6 361_300000000000000_AGU_1994 |7 0 |8 A |9 358145 |a BIBGIM |b BIBGIM |d 2019-11-21 |i 3817776 |o 361.3 AGU 1994 |p 3817776 |r 2025-01-15 |w 2019-11-21 |y BK |k SSL | ||